| 000 | 01436cam a2200157 4500500 | ||
|---|---|---|---|
| 005 | 20251228045823.0 | ||
| 041 | _afre | ||
| 042 | _adc | ||
| 100 | 1 | 0 |
_aLévêque, Julien _eauthor |
| 245 | 0 | 0 | _aNégocier les prochaines conventions TER à l’aide de comparaisons interrégionales |
| 260 | _c2005. | ||
| 500 | _a72 | ||
| 520 | _aLa première génération de conventions TER post-loi SRU arrive actuellement à son terme, avec une première série d’échéances en 2007. Les négociations qui vont prochainement s’engager seront l’occasion de corriger certains défauts des conventions initiales, de mieux répartir les responsabilités et les risques entre les partenaires, mais aussi de définir des niveaux de charges et des objectifs d’évolution de ces dernières. Les Régions disposent-elles de tous les outils et de toute l’information permettant d’aborder cette phase cruciale avec les meilleurs arguments, face à une SNCF qui de son côté a beaucoup appris ? Cet article propose des critères simples d’analyse comparée de l’efficience-coût pour positionner une région dans l’ensemble de ses consœurs et pour déterminer un potentiel d’évolution à la baisse ou au minimum de stabilisation des charges. | ||
| 786 | 0 | _nTransports urbains | 108 | 2 | 2005-11-02 | p. 18-21 | 0397-6521 | |
| 856 | 4 | 1 | _uhttps://stm.cairn.info/revue-transports-urbains-2005-2-page-18?lang=fr&redirect-ssocas=7080 |
| 999 |
_c1579283 _d1579283 |
||